[Event "DVM U16 2018"]
[Site "Aurich GER"]
[Date "2018.12.27"]
[Round "1"]
[White "Holinka, Henning"]
[Black "Wolf, Philipp"]
[Result "1/2-1/2"]
[Termination "normal"]
[Board "1.2"]
[WhiteElo "2108"]
[BlackElo "1913"]
[WhiteClock "00:29:31"]
[BlackClock "00:16:23"]
[WhiteTeam "Hamburger SK"]
[BlackTeam "SG Blau-Weiß Stadtilm"]
[PlyCount "82"]
[WhiteFideId "12967084"]
[BlackFideId "12958948"]
[EventCountry "GER"]
[EventRounds "7"]
[EventType "team-swiss"]
[EventDate "2018.12.26"]

1. e4 {[%clk 01:30:56]} {[%emt 00:00:02]} c5 {[%clk 01:30:59]} {[%emt
00:00:01]} 2. Nf3 {[%clk 01:31:09]} {[%emt 00:00:17]} e6 {[%clk 01:31:24]}
{[%emt 00:00:05]} 3. d4 {[%clk 01:31:19]} {[%emt 00:00:21]} cxd4 {[%clk
01:31:52]} {[%emt 00:00:02]} 4. Nxd4 {[%clk 01:31:41]} {[%emt 00:00:08]} Nc6
{[%clk 01:32:20]} {[%emt 00:00:02]} 5. Nc3 {[%clk 01:31:08]} {[%emt 00:01:02]}
Qc7 {[%clk 01:32:48]} {[%emt 00:00:02]} 6. Be3 {[%clk 01:30:50]} {[%emt
00:00:48]} a6 {[%clk 01:33:17]} {[%emt 00:00:02]} 7. a3 {[%clk 01:29:47]}
{[%emt 00:01:34]} Nf6 {[%clk 01:32:58]} {[%emt 00:00:48]} 8. Bd3 {[%clk
01:28:32]} {[%emt 00:01:45]} Be7 {[%clk 01:31:32]} {[%emt 00:01:56]} 9. O-O
{[%clk 01:27:54]} {[%emt 00:01:08]} b5 {[%clk 01:29:25]} {[%emt 00:02:36]} 10.
Kh1 {[%clk 01:18:12]} {[%emt 00:10:13]} Bb7 {[%clk 01:27:31]} {[%emt 00:02:24]}
11. f4 {[%clk 01:14:44]} {[%emt 00:03:59]} d6 {[%clk 01:08:29]} {[%emt
00:19:32]} 12. Qf3 {[%clk 01:12:37]} {[%emt 00:02:36]} Rc8 {[%clk 00:54:54]}
{[%emt 00:14:05]} 13. Qg3 {[%clk 01:00:44]} {[%emt 00:12:23]} g6 {[%clk
00:47:40]} {[%emt 00:07:44]} 14. Rae1 {[%clk 00:57:15]} {[%emt 00:03:59]} e5
{[%clk 00:40:28]} {[%emt 00:07:42]} 15. Nf3 {[%clk 00:39:45]} {[%emt 00:18:01]}
exf4 {[%clk 00:27:14]} {[%emt 00:13:44]} 16. Qxf4 {[%clk 00:33:24]} {[%emt
00:06:50]} Ne5 {[%clk 00:25:06]} {[%emt 00:02:38]} 17. Bd4 {[%clk 00:29:44]}
{[%emt 00:04:11]} Nh5 {[%clk 00:15:18]} {[%emt 00:10:18]} 18. Qh6 {[%clk
00:21:58]} {[%emt 00:10:22]} Bf8 {[%clk 00:12:18]} {[%emt 00:03:31]} 19. Qe3
{[%clk 00:19:33]} {[%emt 00:02:54]} Bg7 {[%clk 00:10:01]} {[%emt 00:02:47]} 20.
Nd5 {[%clk 00:16:56]} {[%emt 00:03:08]} Qd8 {[%clk 00:08:52]} {[%emt 00:01:39]}
21. Bb6 {[%clk 00:07:10]} {[%emt 00:10:16]} Qd7 {[%clk 00:09:17]} {[%emt
00:00:05]} 22. Nxe5 {[%clk 00:04:32]} {[%emt 00:03:08]} dxe5 {[%clk 00:09:07]}
{[%emt 00:00:40]} 23. g4 {[%clk 00:00:53]} {[%emt 00:04:09]} Nf4 {[%clk
00:03:32]} {[%emt 00:06:05]} 24. Nxf4 {[%clk 00:00:54]} {[%emt 00:00:28]} exf4
{[%clk 00:04:01]} 25. Qxf4 {[%clk 00:01:05]} {[%emt 00:00:21]} O-O {[%clk
00:04:02]} {[%emt 00:00:28]} 26. b4 {[%clk 00:00:44]} {[%emt 00:00:52]} Rc3
{[%clk 00:03:08]} {[%emt 00:01:23]} 27. Bc5 {[%clk 00:00:51]} {[%emt 00:00:24]}
Re8 {[%clk 00:03:11]} {[%emt 00:00:26]} 28. Ra1 {[%clk 00:00:39]} {[%emt
00:00:43]} Rxd3 {[%clk 00:02:51]} {[%emt 00:00:50]} 29. cxd3 {[%clk 00:00:48]}
{[%emt 00:00:20]} Bxa1 {[%clk 00:03:11]} {[%emt 00:00:11]} 30. Rxa1 {[%clk
00:01:13]} {[%emt 00:00:05]} Qxd3 {[%clk 00:03:32]} {[%emt 00:00:09]} 31. Kg1
{[%clk 00:00:40]} {[%emt 00:01:03]} Qxe4 {[%clk 00:00:37]} {[%emt 00:03:24]}
32. Qxe4 {[%clk 00:00:48]} {[%emt 00:00:22]} Rxe4 {[%clk 00:01:04]} {[%emt
00:00:03]} 33. h3 {[%clk 00:00:48]} {[%emt 00:00:29]} Re2 {[%clk 00:00:32]}
{[%emt 00:01:03]} 34. Bf2 {[%clk 00:00:42]} {[%emt 00:00:36]} Rd2 {[%clk
00:00:34]} {[%emt 00:00:28]} 35. a4 {[%clk 00:00:33]} {[%emt 00:00:40]} Rd3
{[%clk 00:00:34]} {[%emt 00:00:29]} 36. Kh2 {[%clk 00:00:39]} {[%emt 00:00:25]}
Rb3 {[%clk 00:00:32]} {[%emt 00:00:32]} 37. axb5 {[%clk 00:00:43]} {[%emt
00:00:26]} axb5 {[%clk 00:00:56]} {[%emt 00:00:05]} 38. Ra7 {[%clk 00:00:35]}
{[%emt 00:00:39]} Bd5 {[%clk 00:00:45]} {[%emt 00:00:41]} 39. Rd7 {[%clk
00:00:42]} {[%emt 00:00:23]} Bc4 {[%clk 00:00:33]} {[%emt 00:00:42]} 40. Bd4
{[%clk 00:00:39]} {[%emt 00:00:33]} Kf8 {[%clk 00:00:33]} {[%emt 00:00:32]} 41.
Bf6 {[%clk 00:29:31]} {[%emt 00:02:07]} Rd3 {[%clk 00:16:23]} {[%emt 00:15:09]}
1/2-1/2

[Event "DVM U16 2018"]
[Site "Aurich GER"]
[Date "2018.12.27"]
[Round "1"]
[White "Meyling, Lennart"]
[Black "Rapp, Lukas"]
[Result "1-0"]
[Termination "normal"]
[Board "1.4"]
[WhiteElo "1992"]
[BlackElo "1719"]
[WhiteClock "01:04:11"]
[BlackClock "00:25:27"]
[WhiteTeam "Hamburger SK"]
[BlackTeam "SG Blau-Weiß Stadtilm"]
[PlyCount "31"]
[WhiteFideId "12947130"]
[BlackFideId "12989320"]
[EventCountry "GER"]
[EventRounds "7"]
[EventType "team-swiss"]
[EventDate "2018.12.26"]

1. d4 {[%emt 10:01:30]} Nf6 {[%emt 00:00:09]} 2. c4 {[%emt 00:00:05]} e6 {[%emt
00:00:32]} 3. Bg5 {[%clk 01:31:43]} {[%emt 00:00:09]} Be7 {[%clk 01:14:55]}
{[%emt 00:16:25]} 4. Nc3 {[%clk 01:30:50]} {[%emt 00:01:23]} d5 {[%clk
01:10:36]} {[%emt 00:04:48]} 5. cxd5 {[%clk 01:29:42]} {[%emt 00:01:39]} exd5
{[%clk 01:07:45]} {[%emt 00:03:21]} 6. e3 {[%clk 01:29:06]} {[%emt 00:01:06]}
b6 {[%clk 00:59:08]} {[%emt 00:09:07]} 7. Nf3 {[%clk 01:28:10]} {[%emt
00:01:26]} Bb7 {[%clk 00:56:50]} {[%emt 00:02:48]} 8. Bd3 {[%clk 01:24:56]}
{[%emt 00:03:44]} Nbd7 {[%clk 00:50:37]} {[%emt 00:06:43]} 9. O-O {[%clk
01:24:31]} {[%emt 00:00:54]} O-O {[%clk 00:50:57]} {[%emt 00:00:11]} 10. a3
{[%clk 01:20:03]} {[%emt 00:04:57]} Ne4 {[%clk 00:39:37]} {[%emt 00:11:50]} 11.
Bxe7 {[%clk 01:14:07]} {[%emt 00:06:26]} Qxe7 {[%clk 00:39:59]} {[%emt
00:00:08]} 12. Qb3 {[%clk 01:10:52]} {[%emt 00:03:45]} Ndf6 {[%clk 00:33:35]}
{[%emt 00:06:54]} 13. Rac1 {[%clk 01:07:41]} {[%emt 00:03:41]} Rac8 {[%clk
00:32:17]} {[%emt 00:01:49]} 14. Nb5 {[%clk 01:05:35]} {[%emt 00:02:35]} c6
{[%clk 00:25:08]} {[%emt 00:07:40]} 15. Nxa7 {[%clk 01:04:25]} {[%emt
00:01:40]} Rc7 {[%clk 00:25:27]} {[%emt 00:00:10]} 16. Qxb6 {[%clk 01:04:11]}
{[%emt 00:00:44]} 1-0

[Event "DVM U16 2018"]
[Site "Aurich GER"]
[Date "2018.12.27"]
[Round "1"]
[White "Köllner, Ruben Gideon"]
[Black "Bethke, Richard"]
[Result "1/2-1/2"]
[Termination "normal"]
[Board "2.1"]
[WhiteElo "2242"]
[BlackElo "2219"]
[WhiteClock "00:00:00"]
[BlackClock "00:00:06"]
[WhiteTeam "SG Bochum"]
[BlackTeam "SF Neuberg"]
[PlyCount "121"]
[WhiteFideId "12993093"]
[BlackFideId "12959243"]
[EventCountry "GER"]
[EventRounds "7"]
[EventType "team-swiss"]
[EventDate "2018.12.26"]

1. d4 {[%clk 01:30:57]} {[%emt 00:00:02]} d5 {[%clk 01:30:55]} {[%emt
00:00:05]} 2. Bf4 {[%clk 01:31:19]} {[%emt 00:00:08]} Nf6 {[%clk 01:31:19]}
{[%emt 00:00:06]} 3. e3 {[%clk 01:31:43]} {[%emt 00:00:06]} e6 {[%clk
01:31:41]} {[%emt 00:00:07]} 4. Bd3 {[%clk 01:31:20]} {[%emt 00:00:54]} c5
{[%clk 01:32:01]} {[%emt 00:00:09]} 5. c3 {[%clk 01:31:44]} {[%emt 00:00:06]}
Nc6 {[%clk 01:32:25]} {[%emt 00:00:05]} 6. Nf3 {[%clk 01:31:22]} {[%emt
00:00:53]} Bd6 {[%clk 01:31:23]} {[%emt 00:01:32]} 7. Bg3 {[%clk 01:31:35]}
{[%emt 00:00:18]} O-O {[%clk 01:31:16]} {[%emt 00:00:36]} 8. Nbd2 {[%clk
01:31:55]} {[%emt 00:00:09]} b6 {[%clk 01:31:08]} {[%emt 00:00:38]} 9. Ne5
{[%clk 01:31:12]} {[%emt 00:01:15]} Bb7 {[%clk 01:30:22]} {[%emt 00:01:14]} 10.
O-O {[%clk 01:14:18]} {[%emt 00:17:26]} Ne7 {[%clk 01:27:12]} {[%emt 00:03:39]}
11. Qf3 {[%clk 01:04:42]} {[%emt 00:10:05]} Ng6 {[%clk 01:20:05]} {[%emt
00:07:38]} 12. h4 {[%clk 00:50:20]} {[%emt 00:14:52]} Qc7 {[%clk 01:12:01]}
{[%emt 00:08:34]} 13. Bxg6 {[%clk 00:49:26]} {[%emt 00:01:25]} hxg6 {[%clk
01:12:08]} {[%emt 00:00:21]} 14. Bf4 {[%clk 00:46:00]} {[%emt 00:03:58]} a5
{[%clk 01:02:06]} {[%emt 00:10:31]} 15. g4 {[%clk 00:36:56]} {[%emt 00:09:35]}
Nd7 {[%clk 00:56:55]} 16. Qg3 {[%clk 00:32:55]} {[%emt 00:10:12]} Nxe5 {[%clk
00:54:22]} 17. dxe5 {[%clk 00:28:29]} {[%emt 00:07:58]} Be7 {[%clk 00:54:25]}
18. g5 {[%clk 00:26:58]} {[%emt 00:02:30]} Rfd8 {[%clk 00:51:27]} 19. Qh3
{[%clk 00:25:54]} {[%emt 00:05:01]} d4 {[%clk 00:48:10]} 20. cxd4 {[%clk
00:20:34]} {[%emt 00:09:38]} Qd7 {[%clk 00:44:32]} 21. Nc4 {[%clk 00:16:22]}
{[%emt 00:08:49]} Qb5 {[%clk 00:35:30]} 22. Nd6 {[%clk 00:16:20]} {[%emt
00:10:04]} Bxd6 {[%clk 00:34:28]} 23. exd6 {[%clk 00:16:43]} {[%emt 00:01:40]}
cxd4 {[%clk 00:33:06]} 24. exd4 {[%clk 00:16:08]} {[%emt 00:02:56]} Qxb2 {[%clk
00:27:41]} 25. Be5 {[%clk 00:11:07]} {[%emt 00:13:33]} Be4 {[%clk 00:25:29]}
26. Qe3 {[%clk 00:08:30]} {[%emt 00:05:48]} Bf5 {[%clk 00:23:21]} 27. Rac1
{[%clk 00:05:10]} {[%emt 00:06:29]} Qxa2 {[%clk 00:21:47]} 28. Rc7 {[%clk
00:04:31]} {[%emt 00:03:13]} Qd5 {[%clk 00:19:54]} 29. Rfc1 {[%clk 00:04:07]}
{[%emt 00:03:17]} a4 {[%clk 00:19:31]} 30. Qc3 {[%clk 00:03:34]} {[%emt
00:01:54]} Rf8 {[%clk 00:14:05]} 31. Ra1 {[%clk 00:03:16]} {[%emt 00:06:44]}
Be4 {[%clk 00:07:20]} 32. Kh2 {[%clk 00:02:11]} {[%emt 00:08:52]} b5 {[%clk
00:03:09]} 33. Rc5 {[%clk 00:02:24]} {[%emt 00:04:56]} Qb7 {[%clk 00:02:30]}
34. d5 {[%clk 00:01:15]} {[%emt 00:02:50]} Rac8 {[%clk 00:01:13]} 35. Rc7
{[%clk 00:01:15]} {[%emt 00:02:17]} b4 {[%clk 00:00:36]} 36. Qc5 {[%clk
00:00:44]} {[%emt 00:02:07]} Rxc7 {[%clk 00:00:40]} 37. dxc7 {[%clk 00:01:06]}
{[%emt 00:00:35]} b3 {[%clk 00:00:36]} 38. d6 {[%clk 00:01:03]} {[%emt
00:01:08]} Qc6 {[%clk 00:00:32]} 39. Qd4 {[%clk 00:01:06]} {[%emt 00:00:59]} f6
{[%clk 00:00:34]} 40. gxf6 {[%clk 00:01:16]} {[%emt 00:00:50]} gxf6 {[%clk
00:00:41]} {[%emt 00:00:23]} 41. Bxf6 {[%clk 00:14:11]} {[%emt 00:17:05]} Bd5
{[%clk 00:17:58]} {[%emt 00:12:43]} 42. Be7 {[%clk 00:06:22]} {[%emt 00:07:50]}
Rf3 {[%clk 00:12:58]} {[%emt 00:04:59]} 43. Rg1 {[%clk 00:05:36]} {[%emt
00:00:44]} e5 {[%clk 00:05:30]} {[%emt 00:07:30]} 44. Qd2 {[%clk 00:03:44]}
{[%emt 00:01:50]} Kh7 {[%clk 00:01:47]} {[%emt 00:03:45]} 45. h5 {[%clk
00:03:00]} {[%emt 00:00:45]} Be6 {[%clk 00:01:08]} {[%emt 00:00:37]} 46. hxg6+
{[%clk 00:02:27]} {[%emt 00:00:35]} Kg7 {[%clk 00:00:40]} {[%emt 00:00:26]} 47.
Rg3 {[%clk 00:02:18]} {[%emt 00:00:11]} Qc2 {[%clk 00:00:06]} {[%emt 00:00:33]}
48. Qxc2 {[%emt 00:06:19]} bxc2 {[%emt 00:00:09]} 49. Rg1 {[%emt 00:00:15]} Rc3
{[%emt 00:00:53]} 50. Rc1 {[%emt 00:00:38]} Kxg6 {[%emt 00:00:29]} 51. Kg2
{[%emt 00:00:38]} Bd7 {[%emt 00:00:32]} 52. Kf1 {[%emt 00:00:32]} a3 {[%emt
00:00:28]} 53. Ke2 {[%emt 00:00:23]} a2 {[%emt 00:00:30]} 54. Kd2 {[%emt
00:00:38]} Rc6 {[%emt 00:00:24]} 55. c8=Q {[%emt 00:00:37]} Bxc8 {[%emt
00:00:15]} 56. d7 {[%emt 00:00:13]} Bxd7 {[%emt 00:00:05]} 57. Ba3 {[%emt
00:00:06]} Rb6 {[%emt 00:01:13]} 58. Ra1 {[%emt 00:00:31]} Be6 {[%emt
00:00:35]} 59. Kxc2 {[%emt 00:00:29]} Rb1 {[%emt 00:00:22]} 60. Bb2 {[%emt
00:00:05]} Kf5 {[%emt 00:00:40]} 61. Rxb1 {[%clk 00:00:00]} {[%emt 00:00:17]}
1/2-1/2

[Event "DVM U16 2018"]
[Site "Aurich GER"]
[Date "2018.12.27"]
[Round "1"]
[White "Bethke, Robert"]
[Black "Biermann, Lenhard"]
[Result "1/2-1/2"]
[Termination "normal"]
[Board "2.2"]
[WhiteElo "2000"]
[BlackElo "2108"]
[WhiteClock "00:50:29"]
[BlackClock "00:07:07"]
[WhiteTeam "SF Neuberg"]
[BlackTeam "SG Bochum"]
[PlyCount "99"]
[WhiteFideId "12959251"]
[BlackFideId "12970077"]
[EventCountry "GER"]
[EventRounds "7"]
[EventType "team-swiss"]
[EventDate "2018.12.26"]

1. c4 {[%clk 01:30:59]} e5 {[%clk 01:30:56]} {[%emt 00:00:04]} 2. Nc3 {[%clk
01:31:20]} {[%emt 00:00:10]} Bb4 {[%clk 01:31:21]} {[%emt 00:00:05]} 3. g3
{[%clk 01:31:26]} {[%emt 00:00:24]} Bxc3 {[%clk 01:30:08]} {[%emt 00:01:42]} 4.
dxc3 {[%clk 01:31:00]} {[%emt 00:00:56]} d6 {[%clk 01:30:03]} {[%emt 00:00:35]}
5. Bg2 {[%clk 01:31:23]} {[%emt 00:00:07]} Nf6 {[%clk 01:30:04]} {[%emt
00:00:29]} 6. Qc2 {[%clk 01:30:21]} {[%emt 00:01:32]} O-O {[%clk 01:29:03]}
{[%emt 00:01:31]} 7. Nf3 {[%clk 01:29:10]} {[%emt 00:01:41]} Nc6 {[%clk
01:21:34]} {[%emt 00:07:59]} 8. Bg5 {[%clk 01:26:33]} {[%emt 00:03:07]} h6
{[%clk 01:18:36]} {[%emt 00:03:28]} 9. h4 {[%clk 01:25:46]} {[%emt 00:01:16]}
e4 {[%clk 00:50:52]} {[%emt 00:28:15]} 10. Bxf6 {[%clk 01:25:02]} {[%emt
00:01:15]} Qxf6 {[%clk 00:51:14]} {[%emt 00:00:07]} 11. Qxe4 {[%clk 01:21:21]}
{[%emt 00:04:10]} Bf5 {[%clk 00:51:23]} {[%emt 00:00:22]} 12. Qf4 {[%clk
01:19:48]} {[%emt 00:02:02]} Rfe8 {[%clk 00:50:57]} {[%emt 00:00:56]} 13. Nd4
{[%clk 01:15:50]} {[%emt 00:04:28]} Nxd4 {[%clk 00:46:50]} {[%emt 00:04:38]}
14. Qxd4 {[%clk 01:15:09]} {[%emt 00:01:11]} Qe7 {[%clk 00:32:04]} {[%emt
00:15:16]} 15. e3 {[%clk 01:14:25]} {[%emt 00:01:14]} c5 {[%clk 00:29:39]}
{[%emt 00:02:55]} 16. Qf4 {[%clk 01:09:20]} Be4 {[%clk 00:29:39]} 17. Bxe4
{[%clk 01:09:20]} Qxe4 {[%clk 00:29:39]} 18. Qxe4 {[%clk 01:09:20]} Rxe4 {[%clk
00:29:39]} 19. b3 {[%clk 01:09:20]} h5 {[%clk 00:29:39]} 20. O-O-O {[%clk
01:09:20]} Re6 {[%clk 00:29:39]} 21. Rd5 {[%clk 01:09:20]} Rf6 {[%clk
00:29:39]} 22. f4 {[%clk 01:09:20]} Re6 {[%clk 00:29:39]} 23. Kd2 {[%clk
01:09:20]} Rae8 {[%clk 00:29:39]} 24. Rd3 {[%clk 01:09:20]} g6 {[%clk
00:29:39]} 25. Ke2 {[%clk 01:09:20]} Kf8 {[%clk 00:29:39]} 26. Kf3 {[%clk
01:09:20]} f5 {[%clk 00:29:39]} 27. Rhd1 {[%clk 01:09:20]} Kf7 {[%clk
00:29:39]} 28. Kf2 {[%clk 01:09:20]} b6 {[%clk 00:29:39]} 29. a4 {[%clk
01:09:20]} Ke7 {[%clk 00:29:39]} 30. Ra1 {[%clk 01:09:20]} a5 {[%clk 00:29:39]}
31. Rb1 {[%clk 01:09:20]} Rc8 {[%clk 00:29:39]} 32. Kf3 {[%clk 01:09:20]} Re4
{[%clk 00:29:39]} 33. Rbd1 {[%clk 01:09:20]} Rc6 {[%clk 00:29:39]} 34. Rd5
{[%clk 01:09:20]} Re6 {[%clk 00:29:39]} 35. R1d3 {[%clk 01:09:20]} Rc7 {[%clk
00:29:39]} 36. Rd2 {[%clk 01:09:20]} Rc6 {[%clk 00:29:39]} 37. Re2 {[%clk
01:09:20]} Re4 {[%clk 00:29:39]} 38. Red2 {[%clk 01:09:20]} Re6 {[%clk
00:29:39]} 39. Rb2 {[%clk 01:09:20]} Re4 {[%clk 00:29:39]} 40. Ke2 {[%clk
01:09:20]} Kd7 {[%clk 00:29:39]} 41. Kd3 {[%clk 01:09:20]} Ke6 {[%clk
00:29:39]} 42. Rg2 {[%clk 01:09:20]} Kf6 {[%clk 00:29:39]} 43. Rb2 {[%clk
01:09:20]} Ke7 {[%clk 00:29:39]} 44. Rh2 {[%clk 01:09:20]} Rc8 {[%clk
00:07:48]} {[%emt 01:01:32]} 45. Rd2 {[%clk 00:51:31]} Rc6 {[%clk 00:07:07]}
{[%emt 00:01:54]} 46. Rc2 {[%clk 00:50:29]} Rc8 {[%clk 00:07:07]} 47. b4 {[%clk
00:50:29]} axb4 {[%clk 00:07:07]} 48. cxb4 {[%clk 00:50:29]} Ra8 {[%clk
00:07:07]} 49. bxc5 {[%clk 00:50:29]} bxc5 {[%clk 00:07:07]} 50. Ra2 {[%clk
00:50:29]} 1/2-1/2

[Event "DVM U16 2018"]
[Site "Aurich GER"]
[Date "2018.12.27"]
[Round "1"]
[White "Biermann, Florian"]
[Black "Baranyai-Molnar, Adam-Kristof"]
[Result "1-0"]
[Termination "normal"]
[Board "2.3"]
[WhiteElo "2054"]
[BlackElo "1883"]
[WhiteClock "00:08:56"]
[BlackClock "00:01:40"]
[WhiteTeam "SG Bochum"]
[BlackTeam "SF Neuberg"]
[PlyCount "83"]
[WhiteFideId "12970069"]
[BlackFideId "768022"]
[EventCountry "GER"]
[EventRounds "7"]
[EventType "team-swiss"]
[EventDate "2018.12.26"]

1. c4 {[%clk 01:30:56]} {[%emt 00:00:03]} c5 {[%clk 01:30:57]} {[%emt
00:00:04]} 2. Nf3 {[%clk 01:31:10]} {[%emt 00:00:16]} Nf6 {[%clk 01:31:21]}
{[%emt 00:00:06]} 3. g3 {[%clk 01:31:30]} {[%emt 00:00:11]} g6 {[%clk
01:31:46]} {[%emt 00:00:05]} 4. Bg2 {[%clk 01:31:07]} {[%emt 00:00:52]} Bg7
{[%clk 01:32:11]} {[%emt 00:00:06]} 5. O-O {[%clk 01:29:24]} {[%emt 00:02:12]}
O-O {[%clk 01:32:35]} {[%emt 00:00:06]} 6. Nc3 {[%clk 01:28:46]} {[%emt
00:01:08]} Nc6 {[%clk 01:33:00]} {[%emt 00:00:06]} 7. d4 {[%clk 01:26:12]}
{[%emt 00:03:04]} cxd4 {[%clk 01:33:25]} {[%emt 00:00:05]} 8. Nxd4 {[%clk
01:26:36]} {[%emt 00:00:06]} Ng4 {[%clk 01:32:43]} {[%emt 00:01:11]} 9. e3
{[%clk 01:19:29]} {[%emt 00:07:37]} d6 {[%clk 01:33:06]} {[%emt 00:00:07]} 10.
b3 {[%clk 01:17:18]} {[%emt 00:02:41]} Nxd4 {[%clk 01:33:04]} {[%emt 00:00:32]}
11. exd4 {[%clk 01:16:22]} {[%emt 00:01:26]} Nh6 {[%clk 01:33:22]} {[%emt
00:00:12]} 12. Be3 {[%clk 01:07:16]} {[%emt 00:09:36]} Nf5 {[%clk 01:30:33]}
{[%emt 00:03:19]} 13. Qd2 {[%clk 00:59:05]} {[%emt 00:08:41]} Rb8 {[%clk
01:27:32]} {[%emt 00:03:31]} 14. Rac1 {[%clk 00:55:22]} {[%emt 00:04:13]} Bd7
{[%clk 01:21:15]} {[%emt 00:06:46]} 15. Rfe1 {[%clk 00:51:08]} {[%emt
00:04:45]} Qa5 {[%clk 01:17:53]} {[%emt 00:03:52]} 16. Rc2 {[%clk 00:42:32]}
{[%emt 00:09:06]} Rfc8 {[%clk 01:12:36]} {[%emt 00:05:46]} 17. Rb1 {[%clk
00:38:44]} {[%emt 00:04:18]} Qd8 {[%clk 00:49:56]} {[%emt 00:23:10]} 18. Nd5
{[%clk 00:32:45]} {[%emt 00:06:30]} e6 {[%clk 00:44:00]} {[%emt 00:06:26]} 19.
Nc3 {[%clk 00:30:41]} {[%emt 00:02:33]} b5 {[%clk 00:31:50]} {[%emt 00:12:41]}
20. c5 {[%clk 00:29:41]} {[%emt 00:01:30]} dxc5 {[%clk 00:19:08]} {[%emt
00:13:13]} 21. dxc5 {[%clk 00:29:11]} {[%emt 00:01:00]} Qe8 {[%clk 00:18:59]}
{[%emt 00:00:39]} 22. Ne4 {[%clk 00:27:05]} {[%emt 00:02:36]} e5 {[%clk
00:15:35]} {[%emt 00:06:01]} 23. Rbc1 {[%clk 00:25:41]} {[%emt 00:01:53]} Bc6
{[%clk 00:10:30]} {[%emt 00:05:35]} 24. Nd6 {[%clk 00:24:19]} {[%emt 00:01:52]}
Nxd6 {[%clk 00:10:52]} {[%emt 00:00:07]} 25. Bxc6 {[%clk 00:23:36]} {[%emt
00:01:14]} Rxc6 {[%clk 00:11:08]} {[%emt 00:00:14]} 26. cxd6 {[%clk 00:23:53]}
{[%emt 00:00:13]} Rxc2 {[%clk 00:11:30]} {[%emt 00:00:08]} 27. Rxc2 {[%clk
00:24:15]} {[%emt 00:00:08]} Rd8 {[%clk 00:10:15]} {[%emt 00:01:43]} 28. Bxa7
{[%clk 00:22:50]} {[%emt 00:01:57]} Qe6 {[%clk 00:09:36]} {[%emt 00:01:09]} 29.
Bc5 {[%clk 00:13:23]} {[%emt 00:09:57]} Bf8 {[%clk 00:09:45]} {[%emt 00:00:21]}
30. Qa5 {[%clk 00:13:19]} {[%emt 00:00:33]} Qe8 {[%clk 00:09:25]} {[%emt
00:00:48]} 31. Rd2 {[%clk 00:12:30]} {[%emt 00:01:21]} Bh6 {[%clk 00:08:24]}
{[%emt 00:01:30]} 32. Rd1 {[%clk 00:12:13]} {[%emt 00:00:48]} Bg5 {[%clk
00:08:32]} {[%emt 00:00:20]} 33. Qc7 {[%clk 00:10:33]} {[%emt 00:02:12]} Qe6
{[%clk 00:06:54]} {[%emt 00:02:06]} 34. Be3 {[%clk 00:09:45]} {[%emt 00:01:19]}
Bf6 {[%clk 00:06:36]} {[%emt 00:00:48]} 35. d7 {[%clk 00:09:41]} {[%emt
00:00:36]} Kg7 {[%clk 00:05:41]} {[%emt 00:01:25]} 36. Qd6 {[%clk 00:07:55]}
{[%emt 00:02:15]} Ra8 {[%clk 00:03:25]} {[%emt 00:02:46]} 37. Qxe6 {[%clk
00:07:31]} {[%emt 00:00:56]} fxe6 {[%clk 00:03:49]} {[%emt 00:00:05]} 38. Bb6
{[%clk 00:07:52]} {[%emt 00:00:09]} Bd8 {[%clk 00:04:14]} {[%emt 00:00:05]} 39.
Bxd8 {[%clk 00:08:11]} {[%emt 00:00:11]} Rxd8 {[%clk 00:04:36]} {[%emt
00:00:07]} 40. a4 {[%clk 00:08:29]} {[%emt 00:00:13]} bxa4 {[%clk 00:04:45]}
{[%emt 00:00:21]} 41. bxa4 {[%clk 00:08:52]} {[%emt 00:00:07]} Kf7 {[%clk
00:01:40]} {[%emt 00:03:35]} 42. a5 {[%clk 00:08:56]} {[%emt 00:00:26]} 1-0